Marilyn Monroe 1926-1962 ; Sprac. -ka-

Bibliographic Details
Other Authors: -ka- (apd)
Format: Article
Language:Slovak
PhysicalDescription:Fotogr. 1
ISSN:0139-7451
Subjects:

MARC

LEADER 00000nab a2200000 a 4500
001 vtls000559842
003 SK-MaSNL
005 20260303014927.0
008 150430c1995 xo 0 slo
015 |a SNBRB19rr/mm-uuuuu 
035 |a CL0559980 
040 |a SNKBUCL  |b slo  |c SNKBUCL  |e AACR2 
041 0 |a slo 
044 |a xo  |c SK 
080 |a 791.44.071.2  |2 1981 
080 |a 929 Monroe, Marilyn  |2 1981 
245 0 0 |a Marilyn Monroe  |b 1926-1962 ; Sprac. -ka- 
300 |b Fotogr. 1 
600 1 7 |a Monroe, Marilyn,  |d 1926-1962  |2 snkbucl  |9 9787 
655 7 |a články z novín a časopisov  |2 snkbucl  |9 267496 
700 1 |a -ka-  |4 apd  |9 857558 
773 0 |t Eurotelevízia  |g Roč. 5, č. 38 (1995), s. 37  |x 0139-7451 
850 |a Slovenská národná knižnica v Martine  |a MTA001 
852 |a SNK  |b KIS3GCP 
958 |a RK 
958 |a BC 
992 |a RBX 
999 |c 1610180  |d 1612110